000 00591nam a22002297a 4500
003 UA-OsUOA
001 97036
007 ta
008 20130325b un ||||| |||| 00| 0 ukr d
100 _aМарков С.
090 _a821.161.1
_bМ27
942 _cBK
040 _aUA-OsUOA
_brus
_cUA-OsUOA
_dUA-OsUOA
245 _aЛетопись Аляски
300 _a187 с.
955 _a0
041 _arus
080 _a821.161.1
260 _aМосква
_bПересвет
_c1991
650 7 _a82 Література. Літературознавство
_2UDC
999 _c383284
_d383284